Duck stamps : art in the services of conservation
| Main Author: | |
|---|---|
| Format: | Book |
| Published: |
Survey :
Dragon's World ,
1989
|
| Subjects: |
MARC
| LEADER | 00000cam a2200000 7i4500 | ||
|---|---|---|---|
| 001 | 0000001111 | ||
| 002 | 000001227 | ||
| 005 | 20000330.0 | ||
| 020 | |a 1850280894 | ||
| 090 | 0 | 0 | |a 769.56432 |b WEI |
| 100 | 1 | |a Weidensaul, Scott | |
| 245 | 1 | 0 | |a Duck stamps : |b art in the services of conservation |c Scott Weidensaul |
| 260 | |a Survey : |b Dragon's World , |c 1989 | ||
| 300 | |a 165p : |b ill ; |c 32cm. | ||
| 650 | 0 | 0 | |a Postage stamps |
| 999 | |a 030300 |b BUKU |c RUJUKAN |e PERPUSTAKAAN KOMUNITI PETALING JAYA | ||